[Event "9. Forchheimer Sparkassen Open 2010"]
[Site "Forchheim"]
[Date "2010.10.03"]
[Round "4.34"]
[White "Heinlein, Hans-Albert"]
[Black "Nahlik, Bernhard"]
[Result "1/2-1/2"]
[WhiteElo "1378"]
[BlackElo "1752"]
[PlyCount "87"]
[EventDate "2010.??.??"]
[WhiteTeam "SF Fürth 1951 e.V."]
[BlackTeam "SC Ansbach 1855 e.V."]

1. d4 d5 2. c4 c6 3. e3 Nf6 4. Nc3 e6 5. a3 Bd6 6. c5 Bc7 7. b4 O-O 8. f4 Bd7
9. Bd3 a5 10. Bb2 axb4 11. axb4 Rxa1 12. Bxa1 Na6 13. Bxa6 bxa6 14. Nf3 Qb8 15.
Qa4 Ng4 16. Nd1 Qb5 17. Qxb5 cxb5 18. Ne5 Nxe5 19. dxe5 a5 20. Bc3 axb4 21.
Bxb4 Ra8 22. O-O Ra4 23. Bc3 b4 24. Bd4 b3 25. Nb2 Ra5 26. Rb1 Bb5 27. Kf2 Kf8
28. Ke1 Bc4 29. g4 Ke7 30. f5 Kd7 31. Nd1 Ra2 32. Nb2 Kc6 33. Kd2 Ba5+ 34. Bc3
Kxc5 35. Bxa5 Rxa5 36. Kc3 Ra7 37. h3 Ra2 38. h4 g6 39. Rd1 Ra8 40. Nd3+ Kb5
41. Nb2 Ra2 42. Rb1 Kc5 43. Rd1 Ra8 44. Rb1 1/2-1/2

[Event "9. Forchheimer Sparkassen Open 2010"]
[Site "Forchheim"]
[Date "2010.10.03"]
[Round "4.35"]
[White "Askri, Samir"]
[Black "Killmann, Reinmar"]
[Result "1-0"]
[WhiteElo "1327"]
[BlackElo "1648"]
[PlyCount "87"]
[EventDate "2010.??.??"]
[WhiteTeam "SG Siemens Amberg"]
[BlackTeam "SC Forchheim e.V."]

1. d4 d5 2. c4 dxc4 3. e4 e5 4. Nf3 exd4 5. Qxd4 Qxd4 6. Nxd4 a6 7. Bxc4 Bb4+
8. Bd2 Bxd2+ 9. Nxd2 c5 10. N4f3 Nc6 11. Nb3 Nb4 12. O-O b5 13. Bd5 Nxd5 14.
exd5 c4 15. Rfe1+ Kf8 16. Nc5 Nf6 17. d6 Ra7 18. Ne5 g6 19. Rad1 Kg7 20. d7
Bxd7 21. Nexd7 Nxd7 22. Nxd7 Rd8 23. Ne5 Rxd1 24. Rxd1 Re7 25. Nf3 Re2 26. Rd2
Re6 27. g3 h6 28. h4 Kf6 29. Kg2 Ke7 30. g4 f6 31. Kg3 Rc6 32. Ng1 c3 33. bxc3
Rxc3+ 34. f3 b4 35. Ne2 Rc5 36. Nf4 g5 37. hxg5 hxg5 38. Nd5+ Ke6 39. Nxb4 a5
40. Nc2 Ke5 41. Ne3 Rb5 42. Nc4+ Ke6 43. Rd6+ Ke7 44. Ra6 1-0

[Event "9. Forchheimer Sparkassen Open 2010"]
[Site "Forchheim"]
[Date "2010.10.03"]
[Round "4.36"]
[White "Wagner, Robert"]
[Black "Tong, Kevin"]
[Result "1-0"]
[WhiteElo "1826"]
[BlackElo "1261"]
[PlyCount "115"]
[EventDate "2010.??.??"]
[WhiteTeam "SC Forchheim e.V."]
[BlackTeam "SC Erlangen 48/88"]

1. d4 Nf6 2. c4 c5 3. e3 cxd4 4. exd4 d6 5. Nc3 g6 6. Nf3 Bg7 7. Be3 O-O 8. Bd3
Bg4 9. h3 Bd7 10. O-O Nc6 11. a3 Rc8 12. Qe2 a6 13. Rac1 e6 14. Bf4 Qe7 15. d5
exd5 16. Qxe7 Nxe7 17. Bxd6 Rfe8 18. Bxe7 Rxe7 19. cxd5 b5 20. Rc2 Rce8 21. Ng5
Bf5 22. Bxf5 gxf5 23. Nf3 Ne4 24. Nxe4 fxe4 25. Nh4 Rd7 26. Rd1 a5 27. Nf5 Bf8
28. Ne3 b4 29. axb4 axb4 30. Rdc1 Bh6 31. Rd1 Red8 32. Nf5 Bf8 33. Rcd2 Kh8 34.
b3 h6 35. Rd4 Kh7 36. g4 Bc5 37. R4d2 Ba7 38. Kg2 Kg6 39. Kg3 h5 40. Kf4 Re8
41. gxh5+ Kh7 42. d6 Bb8 43. Rd4 Ba7 44. Rxb4 Bxf2 45. Rxe4 Rxe4+ 46. Kxe4 Bc5
47. Kd5 Bb4 48. Kc6 Rd8 49. d7 Kg8 50. Rd4 Bc3 51. Re4 Kf8 52. b4 f6 53. h6 Bd2
54. h7 Kf7 55. Re8 Rxe8 56. dxe8=Q+ Kxe8 57. h8=Q+ Kf7 58. Kd7 1-0

[Event "9. Forchheimer Sparkassen Open 2010"]
[Site "Forchheim"]
[Date "2010.10.03"]
[Round "4.37"]
[White "Hohner, Karl-Heinz"]
[Black "Veitl, Rudolf"]
[Result "1-0"]
[WhiteElo "1949"]
[BlackElo "1261"]
[PlyCount "63"]
[EventDate "2010.??.??"]
[WhiteTeam "vereinslos"]
[BlackTeam "SV Deggendorf"]

1. d4 d5 2. Nf3 Nc6 3. c4 Nf6 4. cxd5 Nxd5 5. e4 Nb6 6. d5 Nb8 7. Nc3 a6 8. Be2
e6 9. O-O Bb4 10. Qd4 Bxc3 11. Qxc3 O-O 12. Bf4 c6 13. dxc6 Nxc6 14. Rfd1 Bd7
15. Be3 Na4 16. Qc2 b5 17. b3 Nb6 18. Bxb6 Qxb6 19. Rxd7 Rac8 20. Qd2 a5 21.
Rd1 h6 22. Qf4 f6 23. Qg4 Rf7 24. Rxf7 Kxf7 25. Qh5+ Kg8 26. h4 Nb4 27. Rd7 Kh7
28. Qf7 Rg8 29. e5 f5 30. Ng5+ Kh8 31. Qg6 hxg5 32. Qh5# 1-0

[Event "9. Forchheimer Sparkassen Open 2010"]
[Site "Forchheim"]
[Date "2010.10.03"]
[Round "4.38"]
[White "Spiegelhauer, Tilmann"]
[Black "Salberg, Evelyne"]
[Result "1-0"]
[WhiteElo "1880"]
[BlackElo "1369"]
[PlyCount "63"]
[EventDate "2010.??.??"]
[WhiteTeam "SC Uttenreuth e.V."]
[BlackTeam "SV Bammersdorf"]

1. d4 d6 2. c4 c6 3. Nc3 Nf6 4. e4 Qc7 5. Bd3 g6 6. f3 Bg7 7. Be3 O-O 8. Qd2
Re8 9. Nge2 Nbd7 10. g4 Qa5 11. g5 Nh5 12. Ng3 Ne5 13. dxe5 Nxg3 14. hxg3 Bxe5
15. f4 Bg7 16. O-O-O Bxc3 17. Qxc3 Qxc3+ 18. bxc3 c5 19. Rh4 Bd7 20. Rdh1 h5
21. gxh6 Kh7 22. f5 Rg8 23. fxg6+ Rxg6 24. e5 f5 25. exf6 Rag8 26. fxe7 Be8 27.
Bf4 Kh8 28. Bxg6 Rxg6 29. Rd1 d5 30. Rxd5 Kh7 31. Rd8 Bf7 32. Be5 1-0

[Event "9. Forchheimer Sparkassen Open 2010"]
[Site "Forchheim"]
[Date "2010.10.03"]
[Round "4.39"]
[White "Glawe, Ralf"]
[Black "Alka, Kurt"]
[Result "1-0"]
[WhiteElo "1771"]
[BlackElo "1303"]
[PlyCount "93"]
[EventDate "2010.??.??"]
[WhiteTeam "MTV Ingolstadt"]
[BlackTeam "SC Erlangen 48/88"]

1. e4 c5 2. Nf3 d6 3. d4 cxd4 4. Nxd4 Nc6 5. Nc3 a6 6. Bc4 e6 7. Be3 Nf6 8. a4
Ne5 9. Be2 d5 10. f4 Nc4 11. Bxc4 dxc4 12. Qe2 Qc7 13. O-O Be7 14. Qf3 O-O 15.
e5 Nd7 16. Qf2 b6 17. Rfd1 Bb7 18. Nde2 Bc5 19. Nd4 Rfd8 20. Rd2 Nf8 21. Rad1
Rd7 22. Nde2 Bxe3 23. Qxe3 Rad8 24. Nd4 h6 25. Nce2 Bd5 26. c3 Qb7 27. g4 Ng6
28. f5 Nh4 29. Qg3 Nf3+ 30. Nxf3 Bxf3 31. Rxd7 Rxd7 32. Rxd7 Qxd7 33. Qxf3 Qd1+
34. Kf2 Qd3 35. Qxd3 cxd3 36. Nd4 exf5 37. gxf5 g5 38. Ke3 h5 39. Kxd3 g4 40.
Ke4 h4 41. Ne2 g3 42. hxg3 h3 43. Kf3 Kg7 44. g4 Kh6 45. Kg3 h2 46. Kxh2 Kg5
47. Kg3 1-0

[Event "9. Forchheimer Sparkassen Open 2010"]
[Site "Forchheim"]
[Date "2010.10.03"]
[Round "4.40"]
[White "Dreiseitel, Werner"]
[Black "Winter, Christopher"]
[Result "0-1"]
[WhiteElo "1487"]
[BlackElo "1750"]
[PlyCount "72"]
[EventDate "2010.??.??"]
[WhiteTeam "SC Noris-Tarrasch Nürnberg 1873"]
[BlackTeam "SV Haunwöhr SAbt"]

1. d4 d5 2. c4 e6 3. Nc3 Nf6 4. Nf3 c6 5. e3 Nbd7 6. Bd3 a6 7. a3 dxc4 8. Bxc4
b5 9. Ba2 c5 10. d5 e5 11. O-O Bd6 12. Qc2 Bb7 13. e4 Rc8 14. Qe2 O-O 15. h3 b4
16. Nd1 a5 17. Bc4 Nb6 18. Bb5 c4 19. Be3 c3 20. Bxb6 Qxb6 21. Bd3 Nh5 22. bxc3
Ng3 23. Qb2 Nxf1 24. Bxf1 b3 25. a4 Rc7 26. Rb1 f5 27. Ng5 Bc8 28. exf5 Bxf5
29. Qxb3 Qxb3 30. Rxb3 h6 31. Ne6 Bxe6 32. dxe6 Re7 33. Ne3 Rb8 34. Rxb8+ Bxb8
35. c4 Rxe6 36. Nd5 Bd6 0-1

[Event "9. Forchheimer Sparkassen Open 2010"]
[Site "Forchheim"]
[Date "2010.10.03"]
[Round "4.41"]
[White "Müller, Ludwig"]
[Black "Wichmann, Adrian"]
[Result "1-0"]
[WhiteElo "1689"]
[BlackElo "1265"]
[PlyCount "53"]
[EventDate "2010.??.??"]
[WhiteTeam "SGem Nürnberg 1978 e.V."]
[BlackTeam "SV Seubelsdorf"]

1. c4 c6 2. Nc3 d5 3. e3 Nf6 4. Nf3 Bg4 5. h3 Bh5 6. d4 Nbd7 7. Bd2 e5 8. g4 e4
9. gxh5 exf3 10. Qxf3 Nb6 11. c5 Nbd7 12. Rg1 Qc7 13. Bd3 O-O-O 14. b4 b6 15.
a4 Kb7 16. Ke2 a6 17. Rgb1 b5 18. axb5 axb5 19. Ra5 Ra8 20. Rxa8 Kxa8 21. Ra1+
Kb7 22. e4 dxe4 23. Nxe4 Be7 24. Bf4 Qd8 25. Bxb5 Nd5 26. Ba6+ Ka8 27. Bc8+ 1-0

[Event "9. Forchheimer Sparkassen Open 2010"]
[Site "Forchheim"]
[Date "2010.10.03"]
[Round "4.42"]
[White "Seidl, Josef"]
[Black "Hofmann, Paul"]
[Result "0-1"]
[WhiteElo "1335"]
[BlackElo "1686"]
[PlyCount "146"]
[EventDate "2010.??.??"]
[WhiteTeam "TSV Kreuzberg"]
[BlackTeam "FC Ergolding 1932 e.V."]

1. Nf3 Nf6 2. c4 e6 3. b3 b6 4. g3 Bb7 5. Bg2 Be7 6. O-O O-O 7. d3 d5 8. Bb2 c5
9. Nbd2 Nbd7 10. a3 a5 11. Ra2 Qc7 12. Qa1 d4 13. e4 e5 14. Qd1 g6 15. Bc1 Rfe8
16. h4 Bf8 17. Nb1 h6 18. Bh3 Nb8 19. Nh2 Bc8 20. g4 Kh7 21. Qf3 Ng8 22. Qg3
Nc6 23. Nd2 Bg7 24. Ndf3 f6 25. Ne1 Bd7 26. f3 Rf8 27. Qg2 g5 28. Raf2 Rfe8 29.
Qg3 Bf8 30. hxg5 hxg5 31. Kg2 Bd6 32. Rh1 Nge7 33. Kg1 Ng6 34. Bf1 Rh8 35. Be2
Kg7 36. Nf1 Rxh1+ 37. Kxh1 Rh8+ 38. Rh2 Rxh2+ 39. Qxh2 Qd8 40. Ng3 Nce7 41. Ng2
Qh8 42. Qxh8+ Kxh8 43. Nh5 Ng8 44. Ne1 Nf4 45. Bxf4 exf4 46. Nc2 Kh7 47. b4 Kg6
48. Kg2 axb4 49. axb4 Ba4 50. bxc5 Bxc5 51. Bd1 Ne7 52. Kf2 Nc6 53. Ke2 Ne5 54.
Kd2 b5 55. Na1 Bxd1 56. Kxd1 bxc4 57. dxc4 Nxc4 58. Nb3 Bb6 59. Ke2 Ne5 60. Nc1
Ba5 61. Nd3 Nc4 62. Nc5 Ne5 63. Ne6 d3+ 64. Kd1 Nxf3 65. Nf8+ Kf7 66. Nh7 Bd8
67. Kc1 Be7 68. Kd1 Kg6 69. e5 fxe5 70. Nxg5 Bxg5 71. Kc1 e4 72. Kd1 Ne5 73.
Ke1 Nxg4 0-1

[Event "9. Forchheimer Sparkassen Open 2010"]
[Site "Forchheim"]
[Date "2010.10.03"]
[Round "4.43"]
[White "Schaedlich, Helmut"]
[Black "Dresel, Martin"]
[Result "1-0"]
[WhiteElo "1684"]
[BlackElo "1250"]
[PlyCount "51"]
[EventDate "2010.??.??"]
[WhiteTeam "SC Kirchseeon e.V."]
[BlackTeam "SC Erlangen 48/88"]

1. c4 c6 2. g3 g6 3. Bg2 Bg7 4. e3 Nf6 5. d4 d5 6. b3 Bf5 7. Nc3 O-O 8. Nf3 Re8
9. O-O Qd6 10. Bb2 Nbd7 11. Rc1 e5 12. cxd5 Nxd5 13. dxe5 Nxe5 14. Nxe5 Bxe5
15. e4 Bxc3 16. Bxc3 Bxe4 17. Qd4 Qf6 18. Qxf6 Nxf6 19. Bxf6 Bxg2 20. Kxg2 Re6
21. Bc3 a6 22. Rcd1 b5 23. Rfe1 Kf8 24. Bb4+ Kg7 25. Rxe6 fxe6 26. Rd6 1-0

[Event "9. Forchheimer Sparkassen Open 2010"]
[Site "Forchheim"]
[Date "2010.10.03"]
[Round "4.44"]
[White "Hennig, Elmar"]
[Black "Heger, Heinz"]
[Result "1-0"]
[WhiteElo "1644"]
[BlackElo "1111"]
[PlyCount "45"]
[EventDate "2010.??.??"]
[WhiteTeam "TV Faulbach e.V. 1920"]
[BlackTeam "SC Forchheim e.V."]

1. d4 d5 2. c4 dxc4 3. e3 b5 4. Qf3 c6 5. a4 a6 6. axb5 Qd5 7. bxa6 Qxf3 8.
Nxf3 Rxa6 9. Rxa6 Bxa6 10. Na3 e6 11. Nxc4 Nf6 12. Bd3 Bb4+ 13. Bd2 Bxd2+ 14.
Kxd2 O-O 15. Nfe5 Rd8 16. Na5 Bxd3 17. Kxd3 c5 18. Nb7 Rd5 19. Nxc5 h6 20. Ra1
Kh7 21. Ra7 Ne8 22. Rxf7 Nd6 23. Rf8 1-0

[Event "9. Forchheimer Sparkassen Open 2010"]
[Site "Forchheim"]
[Date "2010.10.03"]
[Round "4.45"]
[White "Krissmann, Gordana"]
[Black "Schneider, Peter"]
[Result "0-1"]
[WhiteElo "1313"]
[BlackElo "1629"]
[PlyCount "130"]
[EventDate "2010.??.??"]
[WhiteTeam "SC-SF 1957 Stockstadt"]
[BlackTeam "TSV Kirchehrenbach"]

1. d4 d5 2. Nf3 Nf6 3. Bf4 e6 4. e3 Bd6 5. Ne5 Nbd7 6. Bd3 O-O 7. O-O c5 8. c4
Qc7 9. Nxd7 Bxd7 10. Bxd6 Qxd6 11. f4 cxd4 12. exd4 dxc4 13. Bxc4 Bc6 14. Nc3
Rad8 15. Ne2 Qb4 16. Bb3 Bb5 17. Re1 Bxe2 18. Rxe2 Rxd4 19. Qc2 Qb6 20. Kh1
Rxf4 21. Rae1 Qd6 22. h3 Rd4 23. Qc1 Rd8 24. Qc3 Rd2 25. Re5 h6 26. Rc5 Qd4 27.
Rc8 Qxc3 28. Rxd8+ Rxd8 29. bxc3 b5 30. Re5 Nd5 31. c4 bxc4 32. Bxc4 Kf8 33.
Re1 Nb6 34. Bb5 Ke7 35. Rc1 Rc8 36. Rd1 Rc5 37. a4 a5 38. Rb1 Nd5 39. Be2 Nb4
40. Rd1 f5 41. Bb5 Kf6 42. Rd8 Rc7 43. Ra8 Nc6 44. Kg1 Na7 45. Be2 Ke5 46. Rd8
Nc6 47. Ra8 Ra7 48. Rc8 Nd4 49. Bc4 Kd6 50. Rd8+ Kc5 51. Rc8+ Kb4 52. Bf1 Nb3
53. Bb5 Nc5 54. Rxc5 Kxc5 55. Kf2 Kd4 56. Kf3 g5 57. g4 f4 58. Bc6 Rc7 59. Bb5
Rc3+ 60. Kg2 e5 61. Ba6 e4 62. Bb5 Rc2+ 63. Kg1 f3 64. Ba6 e3 65. Kh1 e2 0-1

[Event "9. Forchheimer Sparkassen Open 2010"]
[Site "Forchheim"]
[Date "2010.10.03"]
[Round "4.46"]
[White "Gründel, Josef"]
[Black "Strobl, Thomas"]
[Result "0-1"]
[WhiteElo "1306"]
[BlackElo "1790"]
[PlyCount "82"]
[EventDate "2010.??.??"]
[WhiteTeam "SC Forchheim e.V."]
[BlackTeam "TSV 1860 Weißenburg e.V."]

1. e4 e5 2. f4 exf4 3. Nf3 d6 4. Nc3 Nf6 5. d4 Bg4 6. Be2 Nc6 7. Bxf4 Be7 8. a3
Nh5 9. Be3 Nf6 10. Qd3 Qd7 11. h3 Bh5 12. Rf1 O-O-O 13. b4 h6 14. d5 Ne5 15.
Qd4 c5 16. dxc6 Nxc6 17. Qc4 d5 18. exd5 Nxd5 19. Ne5 Nxe3 20. Qe4 Qd2+ 21. Kf2
Qxc3 22. Qxe3 Qxe3+ 23. Kxe3 Bg5+ 24. Kf2 Bxe2 25. Nxf7 Bxf1 26. Nxh8 Rf8+ 27.
Kg1 Be3+ 28. Kh1 Bxg2+ 29. Kxg2 Rxh8 30. Kf3 Bd4 31. Rd1 Rd8 32. Re1 Bb2 33.
Re3 Nd4+ 34. Kg4 Nc6 35. Kh5 Rd2 36. b5 Ne5 37. c3 Nc4 38. Re8+ Kc7 39. Re7+
Rd7 40. Re4 Nxa3 41. c4 Bd4 0-1

[Event "9. Forchheimer Sparkassen Open 2010"]
[Site "Forchheim"]
[Date "2010.10.03"]
[Round "4.47"]
[White "Eisenschmid, Oliver"]
[Black "Hess, Max"]
[Result "1/2-1/2"]
[WhiteElo "1293"]
[BlackElo "1532"]
[PlyCount "58"]
[EventDate "2010.??.??"]
[WhiteTeam "SV Haunwöhr SAbt"]
[BlackTeam "Post-SV Memmingen e.V."]

1. e4 d5 2. exd5 Qxd5 3. c4 Qa5 4. Nf3 Nf6 5. Be2 Bf5 6. O-O c6 7. d4 Qc7 8.
Nc3 e6 9. Bg5 Nbd7 10. h3 Bd6 11. c5 Be7 12. Nh4 Bg6 13. Nxg6 hxg6 14. a4 Rd8
15. b4 a5 16. Qb3 axb4 17. Qxb4 b6 18. cxb6 Nxb6 19. Qb2 Nbd5 20. Nxd5 Rxd5 21.
Be3 g5 22. Rab1 Kd7 23. Qb7 Bd6 24. Qxc7+ Kxc7 25. Ra1 g4 26. hxg4 Bh2+ 27. Kh1
Ne4 28. Bf3 Bf4+ 29. Kg1 Bh2+ 1/2-1/2

[Event "9. Forchheimer Sparkassen Open 2010"]
[Site "Forchheim"]
[Date "2010.10.03"]
[Round "4.48"]
[White "Kean, Christopher"]
[Black "Schätzko, Wolfgang"]
[Result "1-0"]
[WhiteElo "1661"]
[BlackElo "1053"]
[PlyCount "33"]
[EventDate "2010.??.??"]
[WhiteTeam "SC Leinfelden"]
[BlackTeam "SC Höchstadt/Aisch"]

1. c4 d5 2. cxd5 Qxd5 3. Nc3 Qa5 4. Nf3 c6 5. d4 Bf5 6. Nh4 Bg4 7. h3 Be6 8.
Bd2 Qb6 9. e3 Qxb2 10. Rb1 Qa3 11. Rxb7 Bxa2 12. Qa1 e6 13. Qxa2 Qd6 14. Ne4
Qd8 15. Nf3 Ne7 16. Ba5 Qc8 17. Nd6# 1-0

[Event "9. Forchheimer Sparkassen Open 2010"]
[Site "Forchheim"]
[Date "2010.10.03"]
[Round "4.49"]
[White "Sammer, Fabian"]
[Black "Kuenne, Lutz  Dieter"]
[Result "0-1"]
[WhiteElo "1267"]
[BlackElo "1643"]
[PlyCount "159"]
[EventDate "2010.??.??"]
[WhiteTeam "SV Puschendorf 1949 e.V."]
[BlackTeam "Kings Club 98 Jena"]

1. e4 c5 2. Nf3 e6 3. Nc3 a6 4. a3 Nc6 5. Bc4 Qc7 6. Ba2 Nf6 7. d3 b5 8. Ne2 h6
9. O-O Bb7 10. Re1 d6 11. Nd2 Be7 12. f4 O-O 13. Nf3 Rad8 14. Ng3 Bc8 15. h3
Nd4 16. Nxd4 cxd4 17. Bd2 e5 18. Rf1 Bd7 19. Rc1 Rc8 20. Nh5 Qd8 21. Nxf6+ Bxf6
22. f5 Bg5 23. Bxg5 Qxg5 24. Kh2 Kh7 25. Qg4 Qxg4 26. hxg4 f6 27. Kg3 Be8 28.
Rh1 Bf7 29. Bxf7 Rxf7 30. Rhf1 Rfc7 31. Rf2 Rh8 32. Kf3 Kg8 33. Rh1 Kf7 34. g3
Ke8 35. Rfh2 Kd7 36. Ra1 Kc6 37. a4 Kb6 38. axb5 axb5 39. g5 fxg5 40. Kg4 Rf7
41. Kh5 Rf6 42. Kg4 Rc8 43. Ra3 b4 44. Ra4 Kb5 45. b3 Rf7 46. Kh5 Rfc7 47. Ra2
Kb6 48. Kg6 Rf8 49. Ra4 Kb5 50. Ra1 Rf6+ 51. Kh5 d5 52. Rd1 dxe4 53. dxe4 Rc3
54. Rd3 Rfc6 55. Rxc3 bxc3 56. Rf2 Rf6 57. Rf1 Kb4 58. Ra1 d3 59. Ra4+ Kb5 60.
cxd3 Rc6 61. Rc4 Rxc4 62. bxc4+ Kc5 63. Kg6 c2 64. Kxg7 c1=Q 65. f6 Kd6 66. f7
Qf1 67. f8=Q+ Qxf8+ 68. Kxf8 h5 69. d4 exd4 70. Kf7 d3 71. c5+ Kxc5 72. e5 d2
73. e6 d1=Q 74. e7 Qd5+ 75. Kf8 Qd6 76. Kf7 Qd7 77. Kf8 h4 78. gxh4 gxh4 79.
e8=Q Qxe8+ 80. Kxe8 0-1

[Event "9. Forchheimer Sparkassen Open 2010"]
[Site "Forchheim"]
[Date "2010.10.03"]
[Round "4.50"]
[White "Wichmann, Jörg"]
[Black "Lingl, Peter"]
[Result "1-0"]
[WhiteElo "1208"]
[BlackElo "1743"]
[PlyCount "60"]
[EventDate "2010.??.??"]
[WhiteTeam "TSV Untersiemau"]
[BlackTeam "SV Puschendorf 1949 e.V."]

1. e4 e5 2. Nf3 Nc6 3. Bc4 Nf6 4. Ng5 d5 5. exd5 Na5 6. Bb5+ Bd7 7. Qe2 Bd6 8.
Nc3 Nxd5 9. Bxd7+ Kxd7 10. Nxf7 Qe7 11. Nxh8 Nxc3 12. dxc3 Rxh8 13. Qb5+ Nc6
14. Qd3 Kc8 15. Qf5+ Kb8 16. Bg5 Qe8 17. Be3 Ne7 18. Qe4 g6 19. O-O-O Qf7 20.
Kb1 Nc6 21. Rhf1 Re8 22. g3 Na5 23. Qd5 Qxd5 24. Rxd5 Nc6 25. Rdd1 e4 26. Rfe1
Ne5 27. Re2 b6 28. Bf4 Nc4 29. Bxd6 Nxd6 30. Rd4 c5 1-0

[Event "9. Forchheimer Sparkassen Open 2010"]
[Site "Forchheim"]
[Date "2010.10.03"]
[Round "4.51"]
[White "Müller, Roland"]
[Black "Tawdross, Peter"]
[Result "1-0"]
[WhiteElo "1661"]
[BlackElo "1250"]
[PlyCount "107"]
[EventDate "2010.??.??"]
[WhiteTeam "SV Lauf a.d.P."]
[BlackTeam "vereinslos"]

1. b3 d5 2. Bb2 f6 3. e3 e5 4. d3 Nc6 5. Ne2 Nge7 6. Nd2 Bg4 7. f3 Bh5 8. g4
Bf7 9. Bg2 Nb4 10. a3 Nbc6 11. O-O Ng6 12. Qe1 Qd7 13. Qf2 O-O-O 14. Rfd1 d4
15. b4 dxe3 16. Qxe3 Kb8 17. Kh1 Nh4 18. Bf1 g5 19. Ne4 Be7 20. c3 b6 21. Rd2
h5 22. Bh3 Be6 23. Rg1 hxg4 24. fxg4 Ng6 25. Nf2 Bd5+ 26. Bg2 Nf4 27. Bxd5
Qxd5+ 28. Qe4 Qxe4+ 29. Nxe4 Nxe2 30. Rxe2 Rxd3 31. Rf1 Rh6 32. Ref2 Re3 33.
Nxf6 Bxf6 34. Rxf6 Rxf6 35. Rxf6 Re1+ 36. Kg2 Re2+ 37. Rf2 Re4 38. Kf3 Rf4+ 39.
Kg3 Ne7 40. Bc1 Rc4 41. Bxg5 Rxc3+ 42. Rf3 Rxf3+ 43. Kxf3 Ng6 44. Bf6 c5 45.
bxc5 bxc5 46. Ke3 c4 47. h4 Nf4 48. h5 Ng2+ 49. Kd2 e4 50. h6 Nf4 51. Ke3 Nd5+
52. Kxe4 Nxf6+ 53. Kd4 Nxg4 54. h7 1-0

[Event "9. Forchheimer Sparkassen Open 2010"]
[Site "Forchheim"]
[Date "2010.10.03"]
[Round "4.52"]
[White "Ertl, Helmut"]
[Black "Schneider, Jana"]
[Result "1-0"]
[WhiteElo "1660"]
[BlackElo "1246"]
[PlyCount "99"]
[EventDate "2010.??.??"]
[WhiteTeam "SV Deggendorf"]
[BlackTeam "Spvgg 1946 e.V. Stetten"]

1. e4 c5 2. Nf3 d6 3. d4 cxd4 4. Nxd4 Nf6 5. Nc3 a6 6. Be2 e6 7. O-O b5 8. Bf3
Ra7 9. Be3 Rc7 10. Qd2 Nbd7 11. Rfe1 Bb7 12. Bg5 Be7 13. Ndxb5 axb5 14. Nxb5
Rc4 15. Nxd6+ Bxd6 16. Qxd6 Bxe4 17. Be2 Rxc2 18. Bb5 Qc7 19. Bxd7+ Qxd7 20.
Qxd7+ Kxd7 21. Bxf6 gxf6 22. Rxe4 Rxb2 23. Ra4 Rhb8 24. Rd4+ Ke7 25. g3 e5 26.
Rh4 Rh8 27. a4 h5 28. a5 Rb7 29. a6 Ra7 30. Kg2 f5 31. Rb4 Rh6 32. Rb7+ Rxb7
33. axb7 Rh8 34. Ra8 Rxa8 35. bxa8=Q e4 36. Qh8 Ke6 37. Kf1 f6 38. Ke2 Kd5 39.
Ke3 Ke5 40. Qb8+ Kd5 41. Qd8+ Ke5 42. Qe7+ Kd5 43. h4 f4+ 44. gxf4 f5 45. Qe5+
Kc6 46. Kd4 e3 47. fxe3 Kd7 48. Kd5 Kd8 49. Kc6 Kc8 50. Qh8# 1-0

[Event "9. Forchheimer Sparkassen Open 2010"]
[Site "Forchheim"]
[Date "2010.10.03"]
[Round "4.53"]
[White "Zenner, Stefan"]
[Black "Braun, Kristin"]
[Result "1-0"]
[WhiteElo "1502"]
[BlackElo "1237"]
[PlyCount "121"]
[EventDate "2010.??.??"]
[WhiteTeam "SV Haunwöhr SAbt"]
[BlackTeam "SC Forchheim e.V."]

1. e4 d5 2. exd5 Nf6 3. Be2 Qxd5 4. Nf3 Nc6 5. c4 Qd8 6. h3 e5 7. O-O Bc5 8. d3
O-O 9. Be3 Bb6 10. a3 a6 11. c5 Ba7 12. Nbd2 Bf5 13. Nc4 e4 14. Ne1 b6 15. b4
bxc5 16. bxc5 Qd5 17. d4 Rfd8 18. Nc2 Qe6 19. Nb4 Bxc5 20. Nxc6 Qxc6 21. Ne5
Qe6 22. Bc4 Qc8 23. Nxf7 Be6 24. Bxe6 Qxe6 25. Nxd8 Rxd8 26. Qa4 Bd6 27. Rfd1
Nh5 28. Rac1 Bf4 29. Rc5 Bxe3 30. fxe3 Nf6 31. Qc4 Qxc4 32. Rxc4 Nd5 33. Re1
Kf7 34. Rc6 a5 35. Ra6 Nb6 36. Rxa5 Nc4 37. Ra7 Ke6 38. Rxc7 Nxa3 39. Rxg7 Nc2
40. Re2 Rc8 41. Rxh7 Rc3 42. Kf2 Nb4 43. Rh5 Nd3+ 44. Kg3 Nb4 45. Re5+ Kf6 46.
Rxe4 Nd5 47. Rf2+ Kg5 48. Re5+ Kg6 49. Rxd5 Rxe3+ 50. Kh2 Kg7 51. Rd8 Rd3 52.
d5 Kg6 53. d6 Kg7 54. d7 Kg6 55. Rg8+ Kh7 56. d8=Q Rxd8 57. Rxd8 Kg6 58. Rd5
Kg7 59. Rf4 Kg8 60. Rg4+ Kh7 61. h4 1-0

[Event "9. Forchheimer Sparkassen Open 2010"]
[Site "Forchheim"]
[Date "2010.10.03"]
[Round "4.54"]
[White "Diener, Carolin"]
[Black "Gottlieb, Michael"]
[Result "1-0"]
[WhiteElo "1359"]
[BlackElo "1201"]
[PlyCount "41"]
[EventDate "2010.??.??"]
[WhiteTeam "SAbt TuS Makkabi Ffm"]
[BlackTeam "SC Postbauer-Heng e.V"]

1. e4 e5 2. Nf3 Nc6 3. Bc4 Bc5 4. Nc3 d6 5. h3 Nf6 6. d3 Be6 7. Bxe6 fxe6 8.
O-O O-O 9. a3 d5 10. Re1 d4 11. Ne2 Qe8 12. Ng3 h6 13. Nh2 Qg6 14. Bd2 Rf7 15.
Nf3 Raf8 16. b4 Bd6 17. Rf1 Nd7 18. c3 Ne7 19. Nh4 Qf6 20. Qg4 c5 21. Nh5 1-0

[Event "9. Forchheimer Sparkassen Open 2010"]
[Site "Forchheim"]
[Date "2010.10.03"]
[Round "4.55"]
[White "Klinkhammer, Christopher"]
[Black "Trefflich, Marcus"]
[Result "1-0"]
[WhiteElo "1129"]
[BlackElo "1250"]
[PlyCount "77"]
[EventDate "2010.??.??"]
[WhiteTeam "SG Siemens Amberg"]
[BlackTeam "vereinslos"]

1. c4 e5 2. Nc3 Nc6 3. g3 Nf6 4. Bg2 Nd4 5. e3 Ne6 6. Nge2 c6 7. d4 exd4 8.
exd4 d5 9. cxd5 cxd5 10. Qb3 Nc7 11. O-O h6 12. Nf4 Be6 13. Qxb7 Bd6 14. Nfxd5
Bxd5 15. Nxd5 Ncxd5 16. Bxd5 Nxd5 17. Qxd5 O-O 18. Qf3 Be7 19. Qg4 Qd6 20. Rd1
Qf6 21. Qf4 Qe6 22. d5 Qe2 23. Qd2 Qxd2 24. Bxd2 Bf6 25. Bc3 Bxc3 26. bxc3 Rac8
27. Rac1 Rc4 28. Rd4 Rxd4 29. cxd4 Rd8 30. Rc5 g5 31. f4 gxf4 32. gxf4 f5 33.
Kf2 Kf8 34. Ke3 Ke7 35. d6+ Rxd6 36. Rxf5 Re6+ 37. Re5 Rxe5+ 38. fxe5 Ke6 39.
Ke4 1-0

[Event "9. Forchheimer Sparkassen Open 2010"]
[Site "Forchheim"]
[Date "2010.10.03"]
[Round "4.56"]
[White "Lorenz, Dominik"]
[Black "Pötzl, Alexander"]
[Result "1-0"]
[WhiteElo "927"]
[BlackElo "1150"]
[PlyCount "47"]
[EventDate "2010.??.??"]
[WhiteTeam "SC Postbauer-Heng e.V"]
[BlackTeam "TSV Kirchehrenbach"]

1. e4 e5 2. Nf3 Nc6 3. Bc4 Nf6 4. Ng5 d5 5. exd5 Nxd5 6. d3 f6 7. Nf3 Bg4 8.
O-O Bc5 9. Bd2 Nd4 10. Kh1 Nb4 11. Bxb4 Bxb4 12. c3 Nxf3 13. gxf3 Bh3 14. Re1
Ba5 15. f4 Qe7 16. Qh5+ g6 17. Qxh3 Bb6 18. d4 c5 19. dxe5 fxe5 20. Rxe5 Qxe5
21. fxe5 Kf8 22. Qf3+ Ke8 23. e6 Rd8 24. Qf7# 1-0

[Event "9. Forchheimer Sparkassen Open 2010"]
[Site "Forchheim"]
[Date "2010.10.03"]
[Round "4.57"]
[White "Gebhardt, Andreas"]
[Black "Kunkel, Heinrich"]
[Result "0-1"]
[WhiteElo "1150"]
[BlackElo "1206"]
[PlyCount "112"]
[EventDate "2010.??.??"]
[WhiteTeam "TSV Kirchehrenbach"]
[BlackTeam "TuS 1863 Aschaffenb.Damm"]

1. e4 e5 2. Nf3 d6 3. Bc4 Qf6 4. h3 Be6 5. b3 Bxc4 6. bxc4 Nd7 7. O-O Nc5 8. d3
Ne7 9. Nc3 Nc6 10. Nd5 Qd8 11. c3 Be7 12. Re1 O-O 13. d4 exd4 14. cxd4 Ne6 15.
e5 dxe5 16. dxe5 Bb4 17. Nxb4 Qxd1 18. Rxd1 Nxb4 19. Ba3 Nc2 20. Bxf8 Nxa1 21.
Bxg7 Nc2 22. Bf6 c6 23. Rd3 Nb4 24. Rb3 c5 25. a3 Nc2 26. Rxb7 Nxa3 27. Nd2 Nd4
28. Rc7 Ne6 29. Rc6 Rb8 30. Ra6 Nc2 31. Rxa7 Ncd4 32. g3 Ne2+ 33. Kg2 h5 34. f4
Rb2 35. f5 Rxd2 36. fxe6 Nd4+ 37. Kf1 Nxe6 38. Ra8+ Kh7 39. Rh8+ Kg6 40. g4 Nf4
41. Rg8+ Kh7 42. Rg7+ Kh8 43. Rxf7+ Kg8 44. Rg7+ Kf8 45. Rg5 Rd1+ 46. Kf2 Nxh3+
47. Ke3 Nxg5 48. Bxg5 hxg4 49. Kf4 Rd4+ 50. Kg3 Rxc4 51. Bf4 Rxf4 52. Kxf4 c4
53. Ke3 c3 54. Kd3 g3 55. Ke2 g2 56. Kf2 c2 0-1